Catholic University of Zimbabwe Library
Online Public Access Catalogue
(OPAC)

The Nibelungenlied Today (Record no. 26801)

MARC details
000 -LEADER
fixed length control field 02334cam a22004934a 4500
001 - CONTROL NUMBER
control field muse86523
003 - CONTROL NUMBER IDENTIFIER
control field MdBmJHUP
005 - DATE AND TIME OF LATEST TRANSACTION
control field 20210127151726.0
006 - FIXED-LENGTH DATA ELEMENTS--ADDITIONAL MATERIAL CHARACTERISTICS
fixed length control field m o d
007 - PHYSICAL DESCRIPTION FIXED FIELD--GENERAL INFORMATION
fixed length control field cr||||||||nn|n
008 - FIXED-LENGTH DATA ELEMENTS--GENERAL INFORMATION
fixed length control field 200531r20201962ncu o 00 0 eng d
020 ## - INTERNATIONAL STANDARD BOOK NUMBER
International Standard Book Number 9781469658032
020 ## - INTERNATIONAL STANDARD BOOK NUMBER
Canceled/invalid ISBN 1469658038
020 ## - INTERNATIONAL STANDARD BOOK NUMBER
Canceled/invalid ISBN 9780807880340
035 ## - SYSTEM CONTROL NUMBER
System control number (OCoLC)1158007517
040 ## - CATALOGING SOURCE
Original cataloging agency MdBmJHUP
Transcribing agency MdBmJHUP
050 #4 - LIBRARY OF CONGRESS CALL NUMBER
Classification number PT1589
Item number .M8 1962
100 1# - MAIN ENTRY--PERSONAL NAME
Personal name Mueller, Werner A.
Fuller form of name (Werner Achilles),
Dates associated with a name 1903-1999,
Relator term author.
245 14 - TITLE STATEMENT
Title The Nibelungenlied Today
Remainder of title Its Substance, Essence, and Significance /
Statement of responsibility, etc. Wener A. Mueller.
264 #1 - PRODUCTION, PUBLICATION, DISTRIBUTION, MANUFACTURE, AND COPYRIGHT NOTICE
Name of producer, publisher, distributor, manufacturer Project Muse,
264 #3 - PRODUCTION, PUBLICATION, DISTRIBUTION, MANUFACTURE, AND COPYRIGHT NOTICE
Name of producer, publisher, distributor, manufacturer Project MUSE,
300 ## - PHYSICAL DESCRIPTION
Extent 1 online resource (1 EPUB unpaged.)
490 0# - SERIES STATEMENT
Series statement UNC studies in the Germanic languages and literatures ;
Volume/sequential designation number 34
500 ## - GENERAL NOTE
General note Issued as part of book collections on Project MUSE.
504 ## - BIBLIOGRAPHY, ETC. NOTE
Bibliography, etc. note Includes bibliographical references.
506 0# - RESTRICTIONS ON ACCESS NOTE
Terms governing access Open Access
Standardized terminology for access restriction Unrestricted online access
Source of term star
520 ## - SUMMARY, ETC.
Summary, etc. This thorough study of the moral values of the Nibelungen and of their paradoxical behavior posits the work as an indictment of a society that results time and again in collective human tragedy. Told with tragic insight, yet sympathetically, the epic may well be described as the story of man, the victim of himself. Mueller analyzes the work in three chapters, focused on substance, essence and significance, in order to make the epic poem relevant to a modern audience.
588 ## - SOURCE OF DESCRIPTION NOTE
Source of description note Description based on print version record.
630 00 - SUBJECT ADDED ENTRY--UNIFORM TITLE
Uniform title Nibelungenlied.
650 #0 - SUBJECT ADDED ENTRY--TOPICAL TERM
Topical term or geographic name entry element Nibelungen in literature.
650 #0 - SUBJECT ADDED ENTRY--TOPICAL TERM
Topical term or geographic name entry element Epic poetry, German
General subdivision History and criticism.
655 #0 - INDEX TERM--GENRE/FORM
Genre/form data or focus term Electronic books.
655 #7 - INDEX TERM--GENRE/FORM
Genre/form data or focus term Electronic books.
Source of term local
710 2# - ADDED ENTRY--CORPORATE NAME
Corporate name or jurisdiction name as entry element Project Muse,
Relator term distributor.
776 18 - ADDITIONAL PHYSICAL FORM ENTRY
Relationship information Print version:
Record control number (DLC) 62062960
International Standard Book Number 9780807880340
-- 0807880345
710 2# - ADDED ENTRY--CORPORATE NAME
Corporate name or jurisdiction name as entry element Project Muse.
Relator term distributor
830 #0 - SERIES ADDED ENTRY--UNIFORM TITLE
Uniform title University of North Carolina studies in the Germanic languages and literatures ;
Volume/sequential designation no. 34.
830 #0 - SERIES ADDED ENTRY--UNIFORM TITLE
Uniform title Book collections on Project MUSE.
856 40 - ELECTRONIC LOCATION AND ACCESS
Public note Full text available:
Uniform Resource Identifier <a href="https://muse.jhu.edu/book/75809/">https://muse.jhu.edu/book/75809/</a>
Holdings
Withdrawn status Lost status Source of classification or shelving scheme Damaged status Not for loan Home library Current library Shelving location Date acquired Total Checkouts Full call number Date last seen Uniform Resource Identifier Price effective from Koha item type
          Digital Library Digital Library Online Access 27.01.2021   PT1589 .M8 1962 27.01.2021 https://muse.jhu.edu/book/75809/ 27.01.2021 eBook

OPENING HOURS

Weekdays: 0815hrs - 1800hrs
Weekends:0900hrs - 1200hrs

Closed for Mass:

Mon, Thur: 1200hrs - 1300hrs
Sunday & Public Holiday’s

CALL SUPPORT

0242-570570, 0242-570169
09200664, +263 8644140602

LOCATION

18443, Cranborne Avenue, Hatfield, Harare

Other Links


©2021 | CUZ Library